Simpsons Couch Gag Homages Quiz Stats

Quiz Updated Feb 15, 2015

Challenge
Share
Tweet
Score 0/20 Timer 05:00
0 Plays Today
Homage % Correct
Batman
96.8%
The Flintstones
93.9%
Titanic
90.7%
Tarzan
90.3%
James Bond
85.8%
Teletubbies
82.7%
A Nightmare on Elm Street & Friday the 13th
82.5%
Avatar
82.2%
Blue Man Group
81.2%
The Brady Bunch
77.7%
Homage % Correct
Late Show
75.1%
Futurama
74.9%
The Empire Strikes Back
68.6%
The Beatles
66.7%
Gumby
61.4%
The Transformers
60%
Monty Python's Flying Circus
56.6%
Finding Nemo
44.9%
Dr. Strangelove
34.8%
The Bangles
26.7%

You're not logged in!

Compare scores with friends on all Sporcle quizzes.
Sign Up with Email
OR
Log In

You Might Also Like...

Show Comments

Extras

Top Quizzes Today


Score Distribution

Your Account Isn't Verified!

In order to create a playlist on Sporcle, you need to verify the email address you used during registration. Go to your Sporcle Settings to finish the process.